[Event "ITA-ch U18"]
[White "Canelli, Andrea"]
[Black "Sangiovanni, Davide"]
[Site "Tarvisio"]
[Round "2"]
[Result "0-1"]
[Date "2023.07.03"]
[WhiteElo "1475"]
[BlackElo "1828"]
[PlyCount "52"]
[EventDate "2023.07.02"]
[EventType "swiss"]
[EventRounds "9"]
[EventCountry "ITA"]
[SourceTitle "EXT 2024"]
[Source "ChessBase"]
[SourceDate "2023.10.10"]
[SourceVersion "1"]
[SourceVersionDate "2023.10.10"]
[SourceQuality "1"]

1. e4 c6 2. d4 d5 3. Nc3 dxe4 4. Nxe4 Bf5 5. Ng3 Bg6 6. Nf3 Nd7 7. Bd3 Bxd3 8. Qxd3 Qc7 9. a3 e6 10. c4 Ngf6 11. Be3 Bd6 12. Qb3 0-0 13. 0-0 c5 14. Rad1 Nb6 15. Rc1 Rac8 16. Qc3 Ng4 17. b3 Nxe3 18. Qxe3 Bf4 19. Qe4 Bxc1 20. Rxc1 Nd7 21. Rd1 Nf6 22. Qh4 cxd4 23. Rxd4 Rfd8 24. Rf4 Rd1+ 25. Nf1 Qd8 26. Ng5 Rxf1+ 0-1